Fundamentals of momentum, heat, and mass transfer /

Guardado en:
Autor Principal: Welty, James R.
Otros Autores: Wicks, Charles E., Wilson, Robert E.
Formato: Libro
Idioma:English
Publicado: New York : Wiley, c1976.
Edición:2nd ed.
Materias:
Etiquetas: Agregar Etiqueta
Sin Etiquetas, Sea el primero en etiquetar este registro!
LEADER 01071cam a22003135a 4500
001 EIQ.libpla002680
008 760503s1976####nyua#####b####001#0#eng#d
005 20071218153457.0
245 1 0 |a Fundamentals of momentum, heat, and mass transfer /  |c James R. Welty, Charles E. Wicks, Robert E. Wilson. 
250 |a 2nd ed. 
260 |a New York :  |b Wiley,  |c c1976. 
300 |a xix, 789 p. :  |b il. ;  |c 24 cm. 
504 |a Incluye referencias bibliográficas e índices. 
020 |z 04719335646 
020 |a 0471933546 
100 1 |a Welty, James R. 
700 1 |a Wicks, Charles E. 
700 1 |a Wilson, Robert E.  |q (Robert Elliott). 
082 0 0 |a 532  |2 19 
650 4 |a Mecánica de fluídos  |x Teoría. 
650 4 |a Calor  |x Transferencia. 
650 4 |a Masa  |x Transferencia. 
650 4 |a Fluid mechanics  |x Theory. 
650 4 |a Heat  |x Transfer. 
650 4 |a Mass  |x Transfer. 
010 |a  76016813  
040 |a DLC  |c DLC  |d AR-BbSID 
859 |a AR-BbSID  |b BIB. PLAPIQUI  |h 536.2  |i W 469  |p 290  |t Ej. 1  |v Ej. 1 
859 |a AR-BbSID  |b BIB. PLAPIQUI  |h 536.2  |i W 469  |p 5998  |t Ej. 2  |v Ej. 2